[Event "Titled Tuesday intern op 27th Sep Early"]
[Site "Chess.com INT"]
[Date "2022.09.27"]
[Round "7"]
[White "Moaataz, Ayah"]
[Black "Shashikant, Kutwal"]
[Result "1-0"]
[WhiteElo "2059"]
[BlackElo "2182"]
[PlyCount "103"]
[EventDate "2022.09.27"]
[EventType "swiss (blitz)"]
[EventRounds "11"]
[EventCountry "USA"]
[SourceTitle "CBM 210 Extra"]
[Source "ChessBase"]
[SourceDate "2022.11.30"]
[SourceVersion "1"]
[SourceVersionDate "2022.11.30"]
[SourceQuality "1"]

1. c4 b6 2. g3 Bb7 3. Nf3 g5 4. Bg2 g4 5. Nh4 Bxg2 6. Nxg2 e6 7. d4 h5 8. e4 Be7 9. Nc3 d6 10. Be3 Nd7 11. Qd2 h4 12. gxh4 Bxh4 13. Qe2 Ngf6 14. 0-0-0 e5 15. h3 exd4 16. Rxd4 Ne5 17. hxg4 Nfxg4 18. Nd5 Nxe3 19. Qxe3 Bf6 20. Rxh8+ Bxh8 21. Qh3 Ng6 22. Rd3 c6 23. Nde3 Qf6 24. Rd2 Qe6 25. Qf5 0-0-0 26. Ne1 Ne5 27. b3 Kc7 28. f4 Qxf5 29. Nxf5 Nd7 30. Nxd6 Bc3 31. Nxf7 Bxd2+ 32. Kxd2 Rf8 33. Ng5 Rh8 34. Nef3 Rh1 35. a4 Ra1 36. Kc3 Nc5 37. f5 Rf1 38. f6 Kd7 39. Kd4 Ne6+ 40. Ke5 Nxg5 41. Nxg5 c5 42. Ne6 Ke8 43. Kd5 Rf3 44. e5 Rxb3 45. Nc7+ Kf7 46. e6+ Kxf6 47. Kd6 Rd3+ 48. Nd5+ Kg7 49. Kd7 Rxd5+ 50. cxd5 c4 51. e7 c3 52. e8Q 1-0

[Event "Titled Tuesday intern op 27th Sep Early"]
[Site "Chess.com INT"]
[Date "2022.09.27"]
[Round "10"]
[White "Pourkashiyan, Atousa"]
[Black "Shashikant, Kutwal"]
[Result "0-1"]
[WhiteElo "2322"]
[BlackElo "2182"]
[PlyCount "128"]
[EventDate "2022.09.27"]
[EventType "swiss (blitz)"]
[EventRounds "11"]
[EventCountry "USA"]
[SourceTitle "CBM 210 Extra"]
[Source "ChessBase"]
[SourceDate "2022.11.30"]
[SourceVersion "1"]
[SourceVersionDate "2022.11.30"]
[SourceQuality "1"]

1. e4 c5 2. Nf3 d6 3. d4 cxd4 4. Nxd4 Nf6 5. Nc3 Nc6 6. Be2 e5 7. Nf3 Be7 8. 0-0 0-0 9. h3 Be6 10. Bg5 Qa5 11. Qd2 h6 12. Bxf6 Bxf6 13. Nd5 Bxd5 14. Qxa5 Nxa5 15. exd5 e4 16. Nd2 e3 17. fxe3 Bxb2 18. Rab1 Ba3 19. Ne4 Rae8 20. Bd3 f5 21. Nc3 g6 22. e4 f4 23. Kh1 g5 24. Na4 b6 25. Nc3 Bc5 26. Nb5 Re7 27. c3 Be3 28. Nd4 Ref7 29. Nf5 Rf6 30. Nxe3 fxe3 31. Rxf6 Rxf6 32. Re1 Rf2 33. a4 Nb7 34. Rxe3 Nc5 35. e5 dxe5 36. d6 Kf8 37. Bb5 Rd2 38. Rf3+ Kg7 39. Re3 e4 40. d7 Kf6 41. Kh2 Ke5 42. Kg3 Nxd7 43. Bxd7 Rxd7 44. Kg4 Rd3 45. Re1 Rxc3 46. Kh5 Rc6 47. g4 Kf4 48. Rf1+ Ke3 49. Re1+ Kf3 50. h4 gxh4 51. Kxh4 e3 52. Kh5 e2 53. Ra1 Kf2 54. Ra2 Re6 55. a5 Kf3 56. Ra3+ Ke4 57. Ra1 Kd4 58. g5 hxg5 59. Ra4+ Kc5 60. Ra1 e1Q 61. Kg4 Qxa1 62. Kf5 bxa5 63. Kxg5 Qe5+ 64. Kg4 Rd6 0-1

[Event "Titled Tuesday intern op 27th Sep Early"]
[Site "Chess.com INT"]
[Date "2022.09.27"]
[Round "11"]
[White "Shashikant, Kutwal"]
[Black "Zheenbekov, Nurgazi"]
[Result "1-0"]
[WhiteElo "2182"]
[BlackElo "2075"]
[PlyCount "55"]
[EventDate "2022.09.27"]
[EventType "swiss (blitz)"]
[EventRounds "11"]
[EventCountry "USA"]
[SourceTitle "CBM 210 Extra"]
[Source "ChessBase"]
[SourceDate "2022.11.30"]
[SourceVersion "1"]
[SourceVersionDate "2022.11.30"]
[SourceQuality "1"]

1. d4 d5 2. Nf3 Nf6 3. Bf4 e6 4. Nbd2 Bd6 5. e3 0-0 6. Bd3 c5 7. c3 b6 8. Ne5 Ba6 9. Bc2 Qc7 10. g4 Nbd7 11. g5 Ne8 12. Nxd7 Qxd7 13. Bg3 Qe7 14. Qg4 f5 15. gxf6 Nxf6 16. Qh4 e5 17. dxe5 Bxe5 18. Bxh7+ Kf7 19. Bc2 Rh8 20. Qg5 Rae8 21. Bg6+ Kf8 22. Bxe8 Bxg3 23. Qxg3 Qxe8 24. Rg1 Rh7 25. 0-0-0 Bd3 26. Qd6+ Kf7 27. Nf3 Rh5 28. Rxd3 1-0

[Event "Titled Tuesday intern op 27th Sep Early"]
[Site "Chess.com INT"]
[Date "2022.09.27"]
[Round "5"]
[White "Valle, Luis E"]
[Black "Shashikant, Kutwal"]
[Result "0-1"]
[WhiteElo "2268"]
[BlackElo "2182"]
[PlyCount "111"]
[EventDate "2022.09.27"]
[EventType "swiss (blitz)"]
[EventRounds "11"]
[EventCountry "USA"]
[SourceTitle "CBM 210 Extra"]
[Source "ChessBase"]
[SourceDate "2022.11.30"]
[SourceVersion "1"]
[SourceVersionDate "2022.11.30"]
[SourceQuality "1"]

1. e4 c5 2. Nf3 d6 3. d4 cxd4 4. Nxd4 Nf6 5. Nc3 Nc6 6. Bg5 e6 7. f4 Be7 8. Qd2 h6 9. Bxf6 Bxf6 10. Nxc6 bxc6 11. 0-0-0 d5 12. exd5 cxd5 13. Bb5+ Bd7 14. Bxd7+ Qxd7 15. f5 0-0 16. h4 Rfc8 17. fxe6 fxe6 18. Rh3 Rab8 19. Rf1 Qb7 20. Rxf6 gxf6 21. Rg3+ Kh7 22. Qd3+ f5 23. Qe3 Qxb2+ 24. Kd1 Qb6 25. Qe5 Rg8 26. Ne2 Rxg3 27. Nxg3 Qg1+ 28. Kd2 Qxg2+ 29. Ne2 Re8 30. Qf6 Qg7 31. Qxg7+ Kxg7 32. Nf4 d4 33. Kd3 e5 34. Nh5+ Kg6 35. Ng3 Rd8 36. Ne2 e4+ 37. Kd2 d3 38. Nf4+ Kf6 39. cxd3 exd3 40. Nxd3 f4 41. Ke2 Rxd3 42. Kxd3 Kf5 43. Ke2 Kg4 44. Kf2 Kxh4 45. Kf3 Kg5 46. a4 Kf5 47. a5 a6 48. Kf2 Kg4 49. Ke2 f3+ 50. Kf2 Kf4 51. Kf1 Kg3 52. Ke1 f2+ 53. Kf1 h5 54. Ke2 Kg2 55. Ke3 f1Q 56. Ke4 0-1

[Event "Titled Tuesday intern op 20th Sep Early"]
[Site "Chess.com INT"]
[Date "2022.09.20"]
[Round "3"]
[White "Blohberger, Felix"]
[Black "Shashikant, Kutwal"]
[Result "0-1"]
[WhiteElo "2493"]
[BlackElo "2182"]
[PlyCount "72"]
[EventDate "2022.09.20"]
[EventType "swiss (blitz)"]
[EventRounds "11"]
[EventCountry "USA"]
[SourceTitle "EXT 2023"]
[Source "ChessBase"]
[SourceDate "2022.10.05"]
[SourceVersion "1"]
[SourceVersionDate "2022.10.05"]
[SourceQuality "1"]

1. d4 Nf6 2. c4 g6 3. Nc3 Bg7 4. e4 d6 5. f4 0-0 6. Nf3 c5 7. d5 e6 8. dxe6 Bxe6 9. Bd3 Bg4 10. 0-0 Nc6 11. h3 Bxf3 12. Qxf3 Nd7 13. Kh1 Nd4 14. Qf2 a6 15. Be3 Rb8 16. Rad1 b5 17. b3 Qa5 18. Nd5 Rbe8 19. Rfe1 Qd8 20. Qg3 b4 21. Bc1 Nf6 22. Qf2 a5 23. Nxf6+ Bxf6 24. e5 dxe5 25. f5 Bh4 26. g3 Bf6 27. Be4 Bg7 28. h4 Qc8 29. f6 Bh8 30. Bh6 Qh3+ 31. Kg1 Re6 32. Bxf8 Rxf6 33. Qg2 Qxg2+ 34. Bxg2 Kxf8 35. Rxe5 Rd6 36. Kh1 Bxe5 0-1

[Event "Titled Tuesday intern op 20th Sep Early"]
[Site "Chess.com INT"]
[Date "2022.09.20"]
[Round "11"]
[White "Shashikant, Kutwal"]
[Black "Csonka, Balazs"]
[Result "0-1"]
[WhiteElo "2182"]
[BlackElo "2495"]
[PlyCount "44"]
[EventDate "2022.09.20"]
[EventType "swiss (blitz)"]
[EventRounds "11"]
[EventCountry "USA"]
[SourceTitle "EXT 2023"]
[Source "ChessBase"]
[SourceDate "2022.10.05"]
[SourceVersion "1"]
[SourceVersionDate "2022.10.05"]
[SourceQuality "1"]

1. e4 e5 2. Nf3 Nf6 3. Nxe5 d6 4. Nf3 Nxe4 5. Nc3 Nxc3 6. dxc3 Be7 7. Be3 0-0 8. Qd2 Nd7 9. 0-0-0 Nf6 10. h3 c5 11. g4 Be6 12. c4 b5 13. cxb5 a6 14. bxa6 Qb6 15. b3 Ne4 16. Qd3 Qb4 17. Nd2 Qa3+ 18. Kb1 Bf6 19. Nc4 Bxc4 20. Bc1 Qxa2+ 21. Kxa2 Rxa6+ 22. Ba3 Rxa3+ 0-1

[Event "Titled Tuesday intern op 20th Sep Early"]
[Site "Chess.com INT"]
[Date "2022.09.20"]
[Round "8"]
[White "Shashikant, Kutwal"]
[Black "Pinheiro, Iung Alicio"]
[Result "1-0"]
[WhiteElo "2182"]
[BlackElo "2320"]
[PlyCount "65"]
[EventDate "2022.09.20"]
[EventType "swiss (blitz)"]
[EventRounds "11"]
[EventCountry "USA"]
[SourceTitle "EXT 2023"]
[Source "ChessBase"]
[SourceDate "2022.10.05"]
[SourceVersion "1"]
[SourceVersionDate "2022.10.05"]
[SourceQuality "1"]

1. e4 c5 2. Nf3 Nc6 3. Bb5 e6 4. Bxc6 bxc6 5. d3 Ne7 6. b3 Ng6 7. h4 f6 8. h5 Ne7 9. Bb2 e5 10. Nbd2 d6 11. Qe2 Be6 12. 0-0-0 a5 13. a4 d5 14. h6 c4 15. dxc4 d4 16. hxg7 Bxg7 17. Ne1 Ng6 18. Nd3 Bf8 19. g3 Bd6 20. Rdf1 Qe7 21. f4 Bf7 22. fxe5 fxe5 23. Nf3 Rb8 24. Qd2 Ba3 25. Qxa5 0-0 26. Nfxe5 Bxb2+ 27. Kxb2 Ra8 28. Nxg6 Bxg6 29. Qe5 Qd7 30. Rxf8+ Rxf8 31. Nc5 Qg4 32. Qe6+ Kg7 33. Qxg4 1-0

[Event "Titled Tuesday intern op 13th Sep Early"]
[Site "Chess.com INT"]
[Date "2022.09.13"]
[Round "10"]
[White "Costachi, Mihnea"]
[Black "Shashikant, Kutwal"]
[Result "1-0"]
[WhiteElo "2470"]
[BlackElo "2182"]
[PlyCount "181"]
[EventDate "2022.09.13"]
[EventType "swiss (blitz)"]
[EventRounds "11"]
[EventCountry "USA"]
[SourceTitle "EXT 2023"]
[Source "ChessBase"]
[SourceDate "2022.10.05"]
[SourceVersion "1"]
[SourceVersionDate "2022.10.05"]
[SourceQuality "1"]

1. e4 c5 2. Nf3 d6 3. d4 cxd4 4. Nxd4 Nf6 5. Nc3 Nc6 6. Bg5 e6 7. Qd2 a6 8. 0-0-0 Bd7 9. f4 b5 10. Nxc6 Bxc6 11. e5 dxe5 12. Qxd8+ Rxd8 13. Rxd8+ Kxd8 14. fxe5 h6 15. Bh4 g5 16. Bf2 Ng4 17. Bb6+ Kc8 18. a4 Kb7 19. Bd4 b4 20. h3 bxc3 21. hxg4 cxb2+ 22. Kxb2 Bg7 23. a5 Rd8 24. c3 Rd5 25. Bc4 Rxa5 26. Rf1 Be8 27. Re1 Bc6 28. Kb3 Bf8 29. Rf1 Be8 30. Bxe6 Rb5+ 31. Kc2 fxe6 32. Rxf8 Bg6+ 33. Kd2 Rb2+ 34. Ke3 Rxg2 35. Rf6 Bb1 36. Kf3 Rh2 37. Rxe6 Bc2 38. Rb6+ Kc7 39. Rxa6 h5 40. gxh5 Rxh5 41. Kg4 Bd1+ 42. Kf5 g4+ 43. Kf4 Rh3 44. e6 Rf3+ 45. Ke5 Rf1 46. Ra7+ Kc6 47. Rg7 Re1+ 48. Kf6 Bb3 49. e7 Kd7 50. Bc5 Re6+ 51. Kf5 Bc2+ 52. Kf4 Rf6+ 53. Kxg4 Rg6+ 54. Rxg6 Bxg6 55. Kf4 Ke6 56. c4 Be8 57. Ke4 Bc6+ 58. Kd4 Bd7 59. Ba3 Bc6 60. Kc5 Be8 61. Kb6 Kd7 62. c5 Kc8 63. c6 Bf7 64. Bd6 Be8 65. Kc5 Bf7 66. Bf4 Be8 67. Kd6 Bf7 68. c7 Be8 69. Ke6 Kb7 70. Kf6 Kc8 71. Kg7 Kd7 72. Kf8 Bh5 73. Bg3 Bg6 74. Bd6 Bh5 75. Kg7 Be8 76. Kf6 Kc8 77. Ke5 Kd7 78. Kd5 Kc8 79. Ke6 Bh5 80. Kf6 Be8 81. Kg5 Kd7 82. Kh6 Bf7 83. Kg7 Be8 84. Kf8 Bh5 85. Bg3 Bg6 86. Bh2 Bh5 87. Kg7 Be8 88. Kf6 Bh5 89. Bd6 Be8 90. Kf5 Bg6+ 91. Kxg6 1-0

[Event "Titled Tuesday intern op 13th Sep Early"]
[Site "Chess.com INT"]
[Date "2022.09.13"]
[Round "9"]
[White "Mouhamad, Joachin"]
[Black "Shashikant, Kutwal"]
[Result "0-1"]
[WhiteElo "2264"]
[BlackElo "2182"]
[PlyCount "82"]
[EventDate "2022.09.13"]
[EventType "swiss (blitz)"]
[EventRounds "11"]
[EventCountry "USA"]
[SourceTitle "EXT 2023"]
[Source "ChessBase"]
[SourceDate "2022.10.05"]
[SourceVersion "1"]
[SourceVersionDate "2022.10.05"]
[SourceQuality "1"]

1. e4 c5 2. Nf3 d6 3. d4 cxd4 4. Nxd4 Nf6 5. Nc3 Nc6 6. Bg5 e6 7. Qd2 a6 8. 0-0-0 Bd7 9. f4 b5 10. Bxf6 gxf6 11. Kb1 Qb6 12. Nxc6 Bxc6 13. Bd3 h5 14. Rhf1 Qc5 15. Qe1 Ra7 16. f5 b4 17. Ne2 e5 18. c3 Rb7 19. Rc1 Kd7 20. Ka1 Bh6 21. Rb1 b3 22. a3 Ke7 23. h4 d5 24. exd5 Bxd5 25. Ng3 Be3 26. Ne4 Qb6 27. Qg3 Bc5 28. Nxc5 Qxc5 29. Rbd1 Rbb8 30. Rfe1 Rhg8 31. Rxe5+ fxe5 32. Qxe5+ Kd7 33. Be4 Kc8 34. Rxd5 Qg1+ 35. Bb1 Rb7 36. Rc5+ Kd8 37. Qf6+ Kd7 38. Qxf7+ Kd6 39. Rd5+ Kc6 40. Qxg8 Re7 41. Rd8 Qxb1+ 0-1

[Event "Titled Tuesday intern op 13th Sep Early"]
[Site "Chess.com INT"]
[Date "2022.09.13"]
[Round "11"]
[White "Shashikant, Kutwal"]
[Black "Martin, Lewis"]
[Result "1-0"]
[WhiteElo "2182"]
[BlackElo "2135"]
[PlyCount "81"]
[EventDate "2022.09.13"]
[EventType "swiss (blitz)"]
[EventRounds "11"]
[EventCountry "USA"]
[SourceTitle "EXT 2023"]
[Source "ChessBase"]
[SourceDate "2022.10.05"]
[SourceVersion "1"]
[SourceVersionDate "2022.10.05"]
[SourceQuality "1"]

1. e4 c5 2. Nf3 d6 3. d4 cxd4 4. Nxd4 Nf6 5. Nc3 a6 6. Be3 e5 7. Nf3 Be7 8. Bc4 0-0 9. 0-0 Nc6 10. Qe2 b5 11. Bb3 Bb7 12. Rfd1 Rc8 13. Bg5 Qd7 14. Bxf6 Bxf6 15. Nd5 Bd8 16. c3 Kh8 17. Ne3 g6 18. a4 b4 19. cxb4 Nxb4 20. Nxe5 Qe7 21. N5c4 Bc7 22. f3 d5 23. exd5 Nxd5 24. Qd3 Rcd8 25. Nxd5 Bxd5 26. Qc3+ f6 27. Kh1 Bxc4 28. Bxc4 Be5 29. Qc2 Rb8 30. Rab1 a5 31. b3 Rbd8 32. g3 Qc5 33. Kg2 Rfe8 34. h4 Rxd1 35. Rxd1 Bc7 36. Rd5 Qb6 37. Qd2 Qe3 38. Qxe3 Rxe3 39. Rd7 Bb6 40. Rf7 Re2+ 41. Bxe2 1-0

[Event "Titled Tuesday intern op 16th Aug Early"]
[Site "Chess.com INT"]
[Date "2022.08.16"]
[Round "8"]
[White "Shashikant, Kutwal"]
[Black "Lauridsen, Jesper Morch"]
[Result "0-1"]
[WhiteElo "2182"]
[BlackElo "2221"]
[PlyCount "126"]
[EventDate "2022.08.16"]
[EventType "swiss (blitz)"]
[EventRounds "11"]
[EventCountry "USA"]
[SourceTitle "EXT 2023"]
[Source "ChessBase"]
[SourceDate "2022.10.05"]
[SourceVersion "1"]
[SourceVersionDate "2022.10.05"]
[SourceQuality "1"]

1. e4 c5 2. Nf3 Nc6 3. d4 cxd4 4. Nxd4 g6 5. c4 Bg7 6. Be3 Nf6 7. Nc3 0-0 8. Be2 d6 9. 0-0 Bd7 10. f3 Nxd4 11. Bxd4 a5 12. b3 Bc6 13. Qd2 Nd7 14. Be3 Nc5 15. Rab1 Qb6 16. Rfc1 Rfc8 17. Rc2 h5 18. Bf1 Kh7 19. Qc1 Qd8 20. a3 Qh8 21. Nd5 Bxd5 22. exd5 a4 23. b4 Nb3 24. Qe1 Bd4 25. Kh1 Bxe3 26. Qxe3 Nd4 27. Rcc1 Nf5 28. Qf2 Qf6 29. Bd3 Nd4 30. Re1 e5 31. dxe6 Nxe6 32. Qb6 h4 33. h3 Nf4 34. Bf1 Nh5 35. Rbd1 Ng3+ 36. Kg1 Nxf1 37. Rxf1 Rxc4 38. Qxb7 Rac8 39. Qa6 Rc2 40. Qa7 Qg5 41. Rf2 Rxf2 42. Qxf2 Rc1 43. Qe2 Rxd1+ 44. Qxd1 Qe3+ 45. Kh1 Qxa3 46. Qe1 Qb3 47. Qxh4+ Kg8 48. Qd8+ Kg7 49. Qxd6 a3 50. Qd4+ Kh7 51. Qh4+ Kg7 52. Qd4+ f6 53. Qd7+ Qf7 54. Qa4 a2 55. b5 Qe6 56. Qa7+ Kh6 57. Kh2 Qe5+ 58. g3 Qe2+ 59. Kh1 Qd1+ 60. Kg2 Qc2+ 61. Kh1 Qb1+ 62. Kg2 Qb2+ 63. Kh1 a1Q+ 0-1

[Event "Titled Tuesday intern op 10th May Early"]
[Site "Chess.com INT"]
[Date "2022.05.10"]
[Round "2"]
[White "Cherniaiev, Tykhon"]
[Black "Shashikant, Kutwal"]
[Result "1-0"]
[WhiteElo "2197"]
[BlackElo "2182"]
[PlyCount "81"]
[EventDate "2022.05.10"]
[EventType "swiss (blitz)"]
[EventRounds "11"]
[EventCountry "USA"]
[SourceTitle "CBM 208 Extra"]
[Source "ChessBase"]
[SourceDate "2022.07.31"]
[SourceVersion "1"]
[SourceVersionDate "2022.07.31"]
[SourceQuality "1"]

1. Nf3 d5 2. c4 c6 3. d4 Nf6 4. e3 e6 5. Bd3 Nbd7 6. 0-0 Bd6 7. Nbd2 Qe7 8. e4 dxe4 9. Nxe4 Nxe4 10. Bxe4 Nf6 11. Bc2 c5 12. Qe2 0-0 13. Bg5 h6 14. Bh4 cxd4 15. Nxd4 e5 16. Nf5 Bxf5 17. Bxf5 e4 18. Bxf6 Qxf6 19. Bxe4 Rae8 20. Rfe1 Re7 21. Rad1 Rfe8 22. f3 Qe5 23. Bh7+ Kxh7 24. Qc2+ g6 25. Rxe5 Bxe5 26. g3 Bg7 27. Rd2 Re3 28. Kf2 b6 29. b4 Rc3 30. Qd1 Rxc4 31. Rd7 Rxb4 32. Rxf7 Rb2+ 33. Kf1 Rxa2 34. Qd7 Rg8 35. h4 h5 36. g4 hxg4 37. fxg4 Rb2 38. h5 gxh5 39. gxh5 Rb4 40. Qf5+ Kh8 41. h6 1-0

[Event "Titled Tuesday intern op 10th May Early"]
[Site "Chess.com INT"]
[Date "2022.05.10"]
[Round "5"]
[White "Shashikant, Kutwal"]
[Black "Ardila, Oscar Humberto"]
[Result "1-0"]
[WhiteElo "2182"]
[BlackElo "1988"]
[PlyCount "65"]
[EventDate "2022.05.10"]
[EventType "swiss (blitz)"]
[EventRounds "11"]
[EventCountry "USA"]
[SourceTitle "CBM 208 Extra"]
[Source "ChessBase"]
[SourceDate "2022.07.31"]
[SourceVersion "1"]
[SourceVersionDate "2022.07.31"]
[SourceQuality "1"]

1. e4 e5 2. Nf3 Nf6 3. Nxe5 d6 4. Nf3 Nxe4 5. Nc3 Nxc3 6. dxc3 Be7 7. Be3 0-0 8. Qd2 Nd7 9. 0-0-0 Nf6 10. h4 c6 11. h5 Qa5 12. Kb1 Be6 13. b3 Ne4 14. Qe1 Nxc3+ 15. Kc1 Qa3+ 16. Kd2 Nxd1 17. Qxd1 Qxa2 18. Bd3 Bf6 19. Nd4 Qa5+ 20. Ke2 Rfe8 21. Kf1 h6 22. Nxe6 Rxe6 23. Rh3 Rae8 24. Qg4 Qa1+ 25. Ke2 Re5 26. f4 R5e6 27. Qf5 Rxe3+ 28. Rxe3 Rxe3+ 29. Kxe3 Qe1+ 30. Kf3 Qd1+ 31. Ke3 Qe1+ 32. Kf3 d5 33. Qc8+ 1-0

[Event "Titled Tuesday intern op 10th May Early"]
[Site "Chess.com INT"]
[Date "2022.05.10"]
[Round "8"]
[White "Wagner, Dinara"]
[Black "Shashikant, Kutwal"]
[Result "1-0"]
[WhiteElo "2287"]
[BlackElo "2182"]
[PlyCount "71"]
[EventDate "2022.05.10"]
[EventType "swiss (blitz)"]
[EventRounds "11"]
[EventCountry "USA"]
[SourceTitle "CBM 208 Extra"]
[Source "ChessBase"]
[SourceDate "2022.07.31"]
[SourceVersion "1"]
[SourceVersionDate "2022.07.31"]
[SourceQuality "1"]

1. d4 d5 2. c4 c6 3. Nf3 Nf6 4. g3 e6 5. Bg2 dxc4 6. a4 Nbd7 7. 0-0 b6 8. Na3 Ba6 9. Qc2 Rc8 10. Ne5 c5 11. Nc6 Qc7 12. Nb5 Bxb5 13. axb5 a5 14. bxa6 Nd5 15. Ne5 Nxe5 16. dxe5 b5 17. Kh1 Be7 18. Rd1 Qxe5 19. Ra5 0-0 20. Rxb5 Nb4 21. Qe4 Qxe4 22. Bxe4 Nxa6 23. Bb7 Nc7 24. Bxc8 Nxb5 25. Ba6 Nd6 26. Bf4 Rd8 27. Kg2 f6 28. Be3 Ra8 29. Ra1 Nf5 30. Bd2 Nd4 31. Ra2 Nb3 32. Bc3 Kf7 33. Ra3 Nc1 34. Bxc4 Rxa3 35. bxa3 Bd8 36. Bd2 1-0

[Event "Chess.com Bullet op1"]
[Site "Chess.com INT"]
[Date "2020.12.19"]
[Round "11"]
[White "Shashikant, Kutwal"]
[Black "Djordjevic, Dejan N"]
[Result "0-1"]
[WhiteElo "2182"]
[BlackElo "2166"]
[PlyCount "46"]
[EventDate "2020.12.19"]
[EventType "swiss (blitz)"]
[EventRounds "21"]
[EventCountry "USA"]
[SourceTitle "EXT 2022"]
[Source "ChessBase"]
[SourceDate "2021.10.06"]
[SourceVersion "1"]
[SourceVersionDate "2021.10.06"]
[SourceQuality "1"]

1. e4 c5 2. Nf3 Nc6 3. d4 cxd4 4. Nxd4 Nf6 5. Nc3 Qb6 6. Nxc6 dxc6 7. g3 e5 8. Bg2 Be7 9. 0-0 0-0 10. Be3 Qxb2 11. Ne2 Qa3 12. f4 Ng4 13. Bc1 Qc5+ 14. Kh1 Nf2+ 15. Rxf2 Qxf2 16. fxe5 Bg4 17. Bf4 Qxe2 18. Qd4 Rfd8 19. Qb2 b6 20. h3 Rd1+ 21. Rxd1 Qxd1+ 22. Kh2 Bf3 23. e6 Qe2 0-1

[Event "Online Olym Disabilities"]
[Site "Tornelo INT"]
[Date "2020.11.27"]
[Round "7.4"]
[White "Meshkov, Yuri A"]
[Black "Shashikant, Kutwal"]
[Result "1-0"]
[WhiteElo "2351"]
[BlackElo "2182"]
[PlyCount "77"]
[EventDate "2020.11.21"]
[EventType "team-swiss (rapid)"]
[EventRounds "7"]
[EventCountry "NET"]
[SourceTitle "CBM 199 Extra"]
[Source "ChessBase"]
[SourceDate "2021.01.31"]
[SourceVersion "1"]
[SourceVersionDate "2021.01.31"]
[SourceQuality "1"]
[WhiteTeam "Russia II"]
[BlackTeam "India"]
[WhiteTeamCountry "RUS"]
[BlackTeamCountry "IND"]

1. c4 Nf6 2. g3 g6 3. Bg2 Bg7 4. Nc3 0-0 5. d4 d6 6. Nf3 Nc6 7. 0-0 a6 8. Nd5 Ne8 9. h3 e6 10. Nc3 Na5 11. b3 Rb8 12. Bg5 f6 13. Bd2 f5 14. Rc1 Nf6 15. Qc2 b6 16. e4 Nc6 17. exf5 gxf5 18. d5 Nb4 19. Qb1 exd5 20. a3 Nc6 21. cxd5 Ne7 22. Nd4 Bd7 23. Qd3 Kh8 24. Rfe1 Ng6 25. f4 Nh5 26. Ne6 Bxe6 27. Rxe6 Qd7 28. Ne2 c5 29. Qxa6 Rfe8 30. Rxe8+ Rxe8 31. Qd3 Nf6 32. Nc3 Ne4 33. Be1 Qe7 34. Kh2 h5 35. Nxe4 fxe4 36. Qe2 Bh6 37. Qxh5 Kh7 38. Rc4 e3 39. Re4 1-0

[Event "Online Olym Disabilities"]
[Site "Tornelo INT"]
[Date "2020.11.22"]
[Round "2.11"]
[White "Shashikant, Kutwal"]
[Black "Amato, Leonel"]
[Result "1/2-1/2"]
[WhiteElo "2182"]
[BlackElo "2100"]
[PlyCount "103"]
[EventDate "2020.11.21"]
[EventType "team-swiss (rapid)"]
[EventRounds "7"]
[EventCountry "NET"]
[SourceTitle "CBM 199 Extra"]
[Source "ChessBase"]
[SourceDate "2021.01.31"]
[SourceVersion "1"]
[SourceVersionDate "2021.01.31"]
[SourceQuality "1"]
[WhiteTeam "India"]
[BlackTeam "Argentina"]
[WhiteTeamCountry "IND"]
[BlackTeamCountry "ARG"]

1. e4 c5 2. Nf3 g6 3. c4 Bg7 4. d4 cxd4 5. Nxd4 Nc6 6. Be3 Nf6 7. Nc3 0-0 8. Be2 b6 9. 0-0 Bb7 10. Rc1 d6 11. Qd2 Qb8 12. f3 Rd8 13. Nd5 Rd7 14. Nxc6 Bxc6 15. Bd4 Nxd5 16. Bxg7 Kxg7 17. cxd5 Bb7 18. Qc3+ f6 19. Bb5 Rd8 20. Qc7 Kf7 21. Bd7 b5 22. Be6+ Kf8 23. Qa5 a6 24. Qb6 Re8 25. Bd7 Rd8 26. Rc7 Bc8 27. Qxb8 Rxb8 28. Bxc8 Rdxc8 29. Rfc1 Rxc7 30. Rxc7 Kf7 31. Kf2 f5 32. Ke3 Kf6 33. Kd4 Rb6 34. b4 h5 35. Ra7 e5+ 36. dxe6 Kxe6 37. Rg7 Kf6 38. Rc7 fxe4 39. fxe4 Ke6 40. a3 a5 41. Rg7 Kf6 42. bxa5 Ra6 43. Rb7 Rxa5 44. Rb6 Ke6 45. e5 Ra4+ 46. Kc3 Rxa3+ 47. Kb4 Rd3 48. exd6 Rxd6 49. Rxb5 Rd2 50. Rg5 Kf6 51. Kc3 Ra2 52. h4 1/2-1/2

[Event "Titled Tuesday intern op 14th July"]
[Site "Chess.com INT"]
[Date "2020.07.14"]
[Round "10"]
[White "Djokic, Mihailo"]
[Black "Shashikant, Kutwal"]
[Result "0-1"]
[WhiteElo "2232"]
[BlackElo "2182"]
[PlyCount "60"]
[EventDate "2020.07.14"]
[EventType "swiss (blitz)"]
[EventRounds "10"]
[EventCountry "USA"]
[SourceTitle "CBM 197 Extra"]
[Source "ChessBase"]
[SourceDate "2020.09.30"]
[SourceVersion "1"]
[SourceVersionDate "2020.09.30"]
[SourceQuality "1"]

1. e4 e5 2. Nf3 Nc6 3. Nc3 Nf6 4. Bb5 d6 5. d4 exd4 6. Nxd4 Bd7 7. Bxc6 bxc6 8. Qf3 Be7 9. 0-0 0-0 10. b3 Re8 11. Bb2 Bf8 12. Rfe1 c5 13. Nf5 g6 14. Ne3 Bg7 15. Rab1 a5 16. Ned5 Bc6 17. a4 Nxd5 18. exd5 Bd7 19. Ne4 Bxb2 20. c3 f5 21. Nd2 Rxe1+ 22. Rxe1 Qf6 23. Re3 Re8 24. Rxe8+ Bxe8 25. Ne4 Qe5 26. Nd2 Qe1+ 27. Nf1 Bxc3 28. h4 Bd4 29. Kh2 Qxf1 30. g3 Qxf2+ 0-1

[Event "Leon blitz op 33rd"]
[Site "Chess.com INT"]
[Date "2020.07.14"]
[Round "4"]
[White "Shashikant, Kutwal"]
[Black "Volkov, Maksim"]
[Result "1-0"]
[WhiteElo "2182"]
[BlackElo "2163"]
[PlyCount "121"]
[EventDate "2020.07.14"]
[EventType "swiss (blitz)"]
[EventRounds "10"]
[EventCountry "ESP"]
[SourceTitle "CBM 197 Extra"]
[Source "ChessBase"]
[SourceDate "2020.09.30"]
[SourceVersion "1"]
[SourceVersionDate "2020.09.30"]
[SourceQuality "1"]

1. e4 e6 2. d4 d5 3. Nd2 c5 4. exd5 exd5 5. dxc5 Bxc5 6. Ngf3 Nf6 7. Bd3 0-0 8. 0-0 h6 9. h3 Nc6 10. c3 Re8 11. Nb3 Bb6 12. Bf4 Ne4 13. Nbd4 Bd7 14. Bc2 Qf6 15. Bh2 Rad8 16. Qd3 Bc8 17. Rad1 a6 18. Rfe1 Qg6 19. Re2 Qh5 20. a4 Nxd4 21. Nxd4 f5 22. Rde1 Qf7 23. Kf1 f4 24. f3 Nf6 25. Qg6 Rxe2 26. Rxe2 Qxg6 27. Bxg6 Bxd4 28. cxd4 Bd7 29. b3 Rc8 30. Bxf4 Rc3 31. Re7 Rxb3 32. a5 Bxh3 33. Be5 Rxf3+ 34. Kg1 Bf5 35. gxf3 Bxg6 36. Rxb7 Bd3 37. Kf2 Nh5 38. Ke3 Bc4 39. f4 Kh7 40. f5 Kg8 41. Kf3 Bd3 42. Kg4 Be2+ 43. Kh4 Kf8 44. Rd7 Bf3 45. Rd6 Be2 46. Rxd5 Ke7 47. Rd6 Nf6 48. Rb6 Bd3 49. Bxf6+ gxf6 50. Kg4 Kf7 51. Rb7+ Ke8 52. Kf4 h5 53. Rh7 Be2 54. d5 Kd8 55. d6 Ke8 56. Ke4 Kd8 57. Kd5 Bd1 58. Ke6 Bb3+ 59. Kxf6 Bd1 60. d7 Kc7 61. Ke7 1-0